Elementum /
Největším problémem Alexandra Summerse byla blížící se maturita. Nebo aspoň do doby, než se mu život obrátil naruby. Vše začne příchodem neznámého cizince. Alex se dozví, že je potomkem jedné z nejstarších, dávno zaniklých civilizací, jež vládla nejen politickou, ale také magickou mocí. Přesněji vše...
Uloženo v:
| Série: | Elementum,
část 1 |
|---|---|
| Hlavní autor: | |
| Médium: | E-kniha |
| Jazyk: | Czech |
| Vydáno: |
Praha :
Jiří Dittrich,
2024
|
| Příbuzné jednotky: | Z cyklu::
Elementum |
| Tagy: |
Žádné tagy |
| LEADER | 01719nam a22002417i 4500 | ||
|---|---|---|---|
| 001 | 312767 | ||
| 007 | ta | ||
| 008 | 260601s2024 xr ||||| |||| 00| 0 cze d | ||
| 020 | |a 9788090933101 | ||
| 044 | |a xr | ||
| 100 | 1 | |a Dittrich, Jiří |4 aut | |
| 245 | 1 | 0 | |a Elementum / |c Dittrich, Jiří |
| 240 | 1 | 0 | |a Elementum |
| 264 | 1 | |a Praha : |b Jiří Dittrich, |c 2024 | |
| 300 | |a 1 online zdroj (482 stran) | ||
| 336 | |a text |b txt |2 rdacontent | ||
| 337 | |a bez média |b n |2 rdamedia | ||
| 338 | |a online zdroj |b cr |2 rdacarrier | ||
| 520 | 2 | |a Největším problémem Alexandra Summerse byla blížící se maturita. Nebo aspoň do doby, než se mu život obrátil naruby. Vše začne příchodem neznámého cizince. Alex se dozví, že je potomkem jedné z nejstarších, dávno zaniklých civilizací, jež vládla nejen politickou, ale také magickou mocí. Přesněji všemi silami přírody. Tato civilizace ale ve skutečnosti nezmizela. Už po tisíce let se skrývá mimo zraky lidstva a nyní se nachází ve velké krizi.Alex je nucen chopit se svých povinností a nově objevenou říši ochránit. Jenže s tajemstvím jeho minulosti odhalí i zdrcující pravdu o vlastní rodině. Jeho rodiče jsou už dávno mrtví a úhlavním nepřítelem se stává jeho vlastní bratr, kterého musí porazit. | |
| 787 | 0 | 8 | |g 1 |i Z cyklu: |t Elementum |
| 910 | |a RBIT002 | ||
| 998 | |d 421414 |a https://core.palmknihy.cz/api/books/421414/cover?szcikj |b https://core.palmknihy.cz/api/books/421414/cover/400?szcikj |c https://core.palmknihy.cz/api/books/421414/cover/50?szcikj |e |g 482 |i 9788090933101 |j https://core.palmknihy.cz/api/books/421414/preview.epub |l |q 49 |r 1 |s https://www.palmknihy.cz/kniha/421414 |t ebook |y 2024 |z 1 |v Elementum |w 1 | ||
| 999 | |d 312765 | ||